| 000 | 00524nam a22001937a 4500 | ||
|---|---|---|---|
| 003 | OSt | ||
| 005 | 20140426084014.0 | ||
| 008 | 140426b xxu||||| |||| 00| 0 eng d | ||
| 020 | _a0553482041 | ||
| 050 |
_aPZ 7 _b.Su968s99 1996 |
||
| 100 | _aSuzanne, Jamie. | ||
| 245 |
_athe beast must die / _cJamie Suzanne, created by Francine Pascal. |
||
| 260 |
_aNew York : _bBantam Books, _c1996. |
||
| 300 |
_a135 p. : _c19 cm. |
||
| 440 |
_aSweet valley twins _n#99 |
||
| 650 | _aFiction. | ||
| 942 |
_2lcc _cBK |
||
| 999 |
_c115506 _d115506 |
||